000 00355 a2200157 4500
001 56485
020 _a8526242318
040 _cAnchieta - Pituba
100 _aCarletti, Maria Cristina S.
240 1 0 _aMemórias de um vírus
_lpor
245 1 0 _aMemórias de um vírus
300 _a55
362 0 _a2002
650 4 _aLiteratura juvenil
942 _cBK
999 _c56485
_d56485